000 00715nam a2200241Ia 4500
003 OSt
005 20220926033902.0
006 a|||||r|||| 00| 0
007 ta
008 220923b |||||||| |||| 00| 0 eng d
037 _cGeneral Book
040 _aRTL
_cRTL
_beng
041 _2eng
_aeng
082 _aU44.1.N7, L5
100 _aSingh R L Ed.
_9137014
245 0 _aReadings in rural settlement geography
260 _aVaranasi
_bNational Geographical Society of India India
_c1975
300 _axiv,452p
_ccm.
650 _aRural Geography
700 _a Singh Kashi N Ed.
_9339672
942 _hU44.1.N7, L5
_cGB
_2CC
999 _c658187
_d658187